000 00859cam a22002054a 4500
005 20250827113855.0
008 250528s ||||||||||||||||||||||||d
035 _a15542
020 _a133942554
040 _aGR-AtMCL
_bgre
_dGR-AtMCL
_eAACR2
245 1 _aComputer Organization and Archtecture / Designing for Performance Fourth Edition
250 _a4th
260 _bPrentice Hall International,
_c1996
300 _a686
520 _aThis book provides a thorough discussion of the fundamentals of computer organization and architecture, covering not just processor design, but memory, I/O, and Parallel Systems. Preface, Overview, The Computer System, The Central Processing Unit, The Control Unit, Parallel Organization, Glossary, References, Index.
700 1 _aStallings, William
_91498
942 _cBK
999 _c1116
_d1116